Kaart van Italië Quiz - Statistieken

Algemene statistieken
  • Deze quiz is 2.146 keer genomen
  • De gemiddelde score is 9 van 20
Antwoorden op de kaart
Antwoorden kleurgecodeerd door een groen-rode schaal op de quizkaart volgens % correct hieronder.
 
Antwoordstatistieken
Antwoord % Correct
Sicilië
91%
Sardinië
90%
Toscane
66%
Trentino-Zuid-Tirol
58%
Lazio
55%
Lombardije
53%
Veneto
45%
Piëmont
43%
Emilia-Romagna
42%
Calabrië
40%
Friuli-Venezia Giulia
40%
Ligurië
38%
Valle d'Aosta
34%
Umbrië
32%
Apulië
31%
Campania
30%
Marche
29%
Basilicata
27%
Molise
25%
Abruzzen
24%
Geen overeenkomende quizzen gevonden
Scoreverdeling
Procent van Mensen met Elke Score
Percentiel versus Aantal Correcte Antwoorden
Uw Scoregeschiedenis
U heeft deze quiz nog niet genomen